Az útimplementáció folyamatának optimalizálása vállalati környezeten belül

Bibliographic Details
Main Author: Komló Evelin
Other Authors: Baják Dr. Imre
Pinczel Klaudia
Format: Thesis
Kulcsszavak:útimplementáció
Optimalizálás
javaslat
Online Access:http://dolgozattar.uni-bge.hu/19711

MARC

LEADER 00000nta a2200000 i 4500
001 dolg19711
005 20181217100814.0
008 181217suuuu hu om 000 hun d
040 |a BGE Dolgozattár Repozitórium  |b hun 
041 |a hu 
100 1 |a Komló Evelin 
245 1 3 |a Az útimplementáció folyamatának optimalizálása vállalati környezeten belül  |c Komló Evelin  |h [elektronikus dokumentum] 
695 |a útimplementáció 
695 |a Optimalizálás 
695 |a javaslat 
700 1 |a Baják Dr. Imre  |e ths 
700 1 |a Pinczel Klaudia  |e ths 
856 4 0 |u http://dolgozattar.uni-bge.hu/19711/1/Komlo_EVelin_szakdolgozat.pdf  |z Dokumentum-elérés 
856 4 0 |u http://dolgozattar.uni-bge.hu/19711/2/Komlo_Evelin_titkositas.pdf  |z Dokumentum-elérés